000 00661nam a22002177a 4500
003 UA-OsUOA
001 123367
007 ta
008 20170613b un ||||| |||| 00| 0 ukr d
100 _aОтрошко О.
090 _a330(477)
_bО-86
942 _cSA
040 _aUA-OsUOA
_bukr
_cUA-OsUOA
_dUA-OsUOA
245 _aТипологія екологічних систем: критичний аналіз традиційних підходів
300 _aС.55-61
955 _a0
041 _aukr
080 _a330(477)
773 0 _w123364
_tБанківська справа
_dК.
_d2017
_g2
650 7 _a330 Економіка взагалі
_2UDC
999 _c410381
_d410381